[Event "Druzynowe Mistrzostwa Polski Juniorow - II liga"]
[Site "Sypniewo k. Jastowia"]
[Date "2024-06-17"]
[Round "1.1"]
[White "Mazurek, Filip"]
[Black "Kusiak, Mateusz"]
[Result "1/2-1/2"]
[WhiteTitle "I"]
[BlackTitle "k"]
[WhiteElo "1879"]
[BlackElo "2120"]

1. e4 c5 2. Nc3 e6 3. Nge2 Nc6 4. g3 d5 5. exd5 exd5 6. d4 Bg4 7. Bg2 Nxd4 8. Kf1
Be7 9. h3 Bxe2+ 10. Nxe2 Nxe2 11. Qxe2 Nf6 12. Bg5 O-O 13. Re1 Bd6 14. Bxd5 h6
15. Bxf6 Qxf6 16. Kg2 Rad8 17. c4 a6 18. b3 b5 19. Qf3 Be5 20. Qxf6 Bxf6 21. Re4
b4 22. Rhe1 a5 23. f4 g6 24. g4 Rd6 25. Re8 Ra6 26. Bb7 Rd6 27. Bd5 a4 28. bxa4
Ra6 29. Kf3 Rxa4 30. Rxf8+ Kxf8 31. Re8+ 1/2-1/2

[Event "Druzynowe Mistrzostwa Polski Juniorow - II liga"]
[Site "Sypniewo k. Jastowia"]
[Date "2024-06-17"]
[Round "1.2"]
[White "Zieba, Hubert"]
[Black "Galczynski, Maksymilian"]
[Result "1-0"]
[WhiteTitle "I+"]
[BlackTitle "II"]
[WhiteElo "2012"]
[BlackElo "1581"]

1. d4 Nf6 2. c4 e6 3. g3 c5 4. d5 exd5 5. cxd5 d6 6. Nc3 g6 7. Bg2 Bg7 8. Nf3 O-O
9. O-O Re8 10. Bf4 Bf5 11. Nh4 Bc8 12. Nf3 Bf5 13. Qb3 b6 14. Nb5 Bf8 15. Bg5
Nbd7 16. Nh4 Be4 17. Bxe4 Rxe4 18. Nc3 Re8 19. Nf3 Qc7 20. Nd2 a6 21. a4 Re5 22.
Bxf6 Nxf6 23. Nc4 Ree8 24. Nxb6 Rab8 25. a5 h5 26. Qc4 Qa7 27. e3 Ng4 28. Qe2
Nh6 29. e4 Nf5 30. Qd3 Nd4 31. Ra4 Nb3 32. Nc4 Nd4 33. Ra2 Rb3 34. Kg2 Reb8 35.
f4 Qb7 36. Nb6 Rb4 37. Rf2 Nb3 38. Ra4 Rxa4 39. Ncxa4 Nxa5 40. Qc3 Nc6 41. dxc6
Qxc6 42. Qc4 Rxb6 43. Nxb6 Qxb6 44. f5 g5 45. f6 Qb7 46. b3 Kh7 47. Rf5 Kg6 48.
h4 Bh6 49. hxg5 Bxg5 50. Qd5 Qxd5 51. Rxd5 a5 52. Rxd6 h4 53. gxh4 Bxh4 54. Rc6
Be1 55. Rxc5 Kxf6 56. Kf3 Bb4 57. Rf5+ Ke6 58. Ke3 f6 59. Kd3 Be1 60. Kc4 Bb4
61. Kb5 Be1 62. Kb6 Bb4 63. Rxa5 Bxa5+ 64. Kxa5 Ke5 65. b4 Kxe4 66. b5 f5 67.
b6 f4 68. b7 f3 69. b8=Q f2 70. Qb1+ Kf3 71. Qf1 Ke4 1-0

[Event "Druzynowe Mistrzostwa Polski Juniorow - II liga"]
[Site "Sypniewo k. Jastowia"]
[Date "2024-06-17"]
[Round "1.3"]
[White "Etut, Filbert"]
[Black "Futyma, Dawid"]
[Result "0-1"]
[WhiteTitle "I"]
[BlackTitle "I"]
[WhiteElo "1815"]
[BlackElo "1866"]

1. e4 e6 2. d4 d5 3. e5 c5 4. c3 Nc6 5. Nf3 Qb6 6. a3 Nh6 7. b4 cxd4 8. cxd4 Nf5
9. Bb2 Be7 10. Bd3 O-O 11. Bxf5 exf5 12. Nc3 Be6 13. O-O Rac8 14. Rc1 a6 15. Na4
Qa7 16. Nc5 b6 17. Na4 Qb7 18. Qd3 Na7 19. Nc3 Rc7 20. Rc2 Rfc8 21. Rfc1 Kf8 22.
Nd2 g6 23. Ne2 Bd7 24. Rxc7 Rxc7 25. Rxc7 Qxc7 26. Nc3 Qb7 27. Qf3 Bc6 28. Qd3
Nb5 29. f4 Nxc3 30. Qxc3 Ba4 31. Nf3 Ke8 32. Kf2 h6 33. Bc1 Kd7 34. Ke2 Qc6 35.
Bd2 Qxc3 36. Bxc3 Kc6 37. Kd3 Kb5 38. Bb2 a5 39. bxa5 bxa5 40. Nd2 g5 41. Nb1
Bb3 42. Nc3+ Kc6 43. Ke3 Bc2 44. g3 f6 45. Kd2 Bb3 46. Ke3 fxe5 47. fxe5 g4 48.
Kf2 Bg5 49. a4 Bc2 50. Ba3 Bd2 51. Bb2 h5 52. Ke2 Bg5 53. Ba3 f4 54. Kf2 f3 55.
e6 Bd2 56. e7 Bg6 57. Nb5 Kd7 58. Bc5 Bb4 59. Nd6 Bxc5 60. dxc5 Kxe7 61. Nb7 Bc2
62. Nxa5 Bxa4 63. Nb7 Kd7 64. Nd6 Kc6 65. Nf5 Kxc5 66. Ng7 d4 67. Nxh5 d3 68.
Nf6 Kd4 69. Nxg4 d2 70. Ne3 d1=Q 71. Nxd1 Bxd1 72. g4 Ke4 73. g5 Kf5 74. h4 Kg6
75. Ke3 Kh5 76. Kf2 Kxh4 77. g6 Kg4 78. g7 Bb3 0-1

[Event "Druzynowe Mistrzostwa Polski Juniorow - II liga"]
[Site "Sypniewo k. Jastowia"]
[Date "2024-06-17"]
[Round "1.4"]
[White "Panasiuk, Stanislaw"]
[Black "Baranowski, Jan"]
[Result "1-0"]
[WhiteTitle "II"]
[BlackTitle "II"]
[WhiteElo "1445"]
[BlackElo "1577"]

1. e4 c5 2. Nf3 e6 3. d4 cxd4 4. Nxd4 Nc6 5. c4 Nf6 6. Nc3 Bb4 7. Nxc6 bxc6 8.
Bd3 e5 9. O-O O-O 10. Bg5 h6 11. Bh4 d6 12. Qa4 Qb6 13. Bxf6 gxf6 14. Qc2 Qb7
15. Qd2 Kh7 16. f4 Bc5+ 17. Kh1 Rg8 18. f5 Bd7 19. Rf3 Rg5 20. b3 Rag8 21. Rh3
Bd4 22. Rc1 Qb4 23. Bf1 c5 24. Qe2 Bc6 25. Nd1 R8g7 26. Ne3 Bxe4 27. Rh4 Bxe3
28. Qxe3 Qb7 29. Qxe4 Qxe4 30. Rxe4 Rxf5 31. Bd3 Kg8 32. Rg4 Rxg4 33. Bxf5 Rf4
34. g4 Rf2 35. Rc2 Rf4 36. Rd2 h5 37. h3 hxg4 38. hxg4 Rd4 39. Rxd4 exd4 40. Kg2
Kf8 41. Kf3 d5 42. cxd5 Ke7 43. a3 a5 44. Ke4 Kd6 45. Bh7 Kd7 46. Kd3 Kc7 47.
Kc4 Kd6 48. Bf5 Ke5 49. Kxc5 1-0

[Event "Druzynowe Mistrzostwa Polski Juniorow - II liga"]
[Site "Sypniewo k. Jastowia"]
[Date "2024-06-17"]
[Round "1.5"]
[White "Zalewska, Malgorzata"]
[Black "Tokarz, Izabela"]
[Result "0-1"]
[WhiteTitle "I+"]
[BlackTitle "k"]
[WhiteElo "1722"]
[BlackElo "1966"]

1. e4 c5 2. Nf3 a6 3. d4 cxd4 4. Nxd4 e5 5. Nf3 Nf6 6. Nc3 Bb4 7. Bg5 d6 8. Qd3
Qc7 9. Bxf6 gxf6 10. Be2 Bxc3+ 11. bxc3 Nd7 12. O-O Nc5 13. Qe3 Rg8 14. Nh4 Qc6
15. f3 Ne6 16. Kh1 Nf4 17. Rf2 Be6 18. Rd1 Rc8 19. c4 Rg5 20. g3 Nxe2 21. Rxe2
Ke7 22. Red2 Qxc4 23. Rxd6 Qxc2 24. f4 exf4 25. Qxf4 Re5 26. Nf5+ Bxf5 27. exf5
Rc7 28. Qd4 Qxf5 29. Kg1 Qf3 30. Qb4 Qe3+ 31. Kg2 Qe4+ 32. Qxe4 Rxe4 33. Kf3 Re6
34. R6d2 b5 35. Rb1 Rc4 36. Rbd1 f5 37. Rd5 Kf6 38. R1d2 Rc3+ 39. Kf2 Rec6 40.
Rd6+ Kg5 41. R6d4 Rc2 42. h4+ Kh5 43. Ke3 Rxd2 44. Rxd2 Kg4 45. Rd7 Kxg3 46. Rxf7
f4+ 47. Ke2 Re6+ 48. Kf1 h6 49. Rg7+ Kxh4 50. Kf2 Kh5 51. Kf3 Rg6 52. Rf7 Kg5
53. Rc7 Rf6 54. Rc5+ Rf5 55. Rc6 a5 0-1

[Event "Druzynowe Mistrzostwa Polski Juniorow - II liga"]
[Site "Sypniewo k. Jastowia"]
[Date "2024-06-17"]
[Round "1.7"]
[White "Jendrowiak, Maciej"]
[Black "Bochenek, Piotr"]
[Result "0-1"]
[WhiteTitle "I"]
[BlackTitle "II+"]
[WhiteElo "2049"]
[BlackElo "1796"]

1. e4 c5 2. Nf3 Nc6 3. c3 e5 4. Bc4 Nf6 5. Ng5 d5 6. exd5 Nxd5 7. Qh5 g6 8. Qf3
Qxg5 9. Bxd5 Nd8 10. O-O Qf5 11. Re1 Bg7 12. d4 Qxf3 13. Bxf3 O-O 14. dxc5 f5
15. Bg5 e4 16. Be2 Be6 17. Na3 Rc8 18. Nb5 h6 19. Bf4 Nc6 20. Red1 Ne5 21. Nd4
Bf7 22. b4 Rfd8 23. a3 Nc4 24. Bxc4 Bxc4 25. Bd6 b5 26. a4 bxa4 27. Rxa4 a6 28.
Ra5 Rd7 29. h3 h5 30. Ra3 Kf7 31. g3 Bd3 32. Rc1 Bxd4 33. Ra5 Bxc3 0-1

[Event "Druzynowe Mistrzostwa Polski Juniorow - II liga"]
[Site "Sypniewo k. Jastowia"]
[Date "2024-06-17"]
[Round "1.8"]
[White "Czech, Emil"]
[Black "Wierzbicki, Dawid"]
[Result "0-1"]
[WhiteTitle "II+"]
[BlackTitle "I"]
[WhiteElo "1680"]
[BlackElo "1948"]

1. e4 Nc6 2. d4 d5 3. e5 f6 4. Bd3 Be6 5. Nf3 Bg4 6. exf6 Nxf6 7. c3 e6 8. Bf4
Bd6 9. Bxd6 Qxd6 10. Nbd2 O-O 11. Qc2 e5 12. dxe5 Nxe5 13. O-O-O Nxd3+ 14. Qxd3
Nd7 15. Nf1 Ne5 16. Qd4 Bxf3 17. gxf3 Rxf3 18. Qxd5+ Qxd5 19. Rxd5 Nd3+ 20. Kc2
Nxf2 21. Rg1 Rf7 22. Ne3 Re8 23. Nf5 Kf8 24. Nd4 Ne4 25. Rg2 Nd6 26. b3 Re3 27.
c4 g6 28. Rd2 Ne4 29. Re5 Rc3+ 30. Kb2 Nxd2 31. Kxc3 Nf3 32. Re2 Nxd4 33. Kxd4
Kg7 34. Kd5 g5 35. Ke6 Kg6 36. Rg2 Rf6+ 37. Ke5 h5 38. Rd2 Rf7 39. Ke6 g4 40.
Rg2 Rf6+ 41. Ke5 Rf1 42. h3 Kg5 43. Ke6 Rf3 44. hxg4 hxg4 45. Ke5 g3 46. Kd4 Kg4
0-1

[Event "Druzynowe Mistrzostwa Polski Juniorow - II liga"]
[Site "Sypniewo k. Jastowia"]
[Date "2024-06-17"]
[Round "1.9"]
[White "Oles, Mateusz"]
[Black "Lisek, Adam"]
[Result "1-0"]
[WhiteTitle "I"]
[BlackTitle "II"]
[WhiteElo "1771"]
[BlackElo "1502"]

1. e4 e5 2. Nf3 Nc6 3. Bc4 Bc5 4. c3 Nf6 5. d3 d6 6. O-O a6 7. a4 Ba7 8. Nbd2 h6
9. b4 Ne7 10. a5 g5 11. Qb3 Rf8 12. Bb2 Ng6 13. d4 g4 14. Ne1 Qe7 15. Nd3 Be6
16. Bxe6 fxe6 17. dxe5 dxe5 18. c4 Bd4 19. Bxd4 exd4 20. Nc5 Nd7 21. Nxd7 Qxd7
22. f3 e5 23. g3 gxf3 24. Rxf3 Rxf3 25. Qxf3 O-O-O 26. Rf1 c6 27. Qh5 Qg7 28.
Qg4+ Kc7 29. c5 Rg8 30. Qe6 Nf4 31. Qd6+ Kc8 32. Nc4 Qc7 33. Rxf4 exf4 34. Qe6+
Kb8 35. Qxg8+ Ka7 36. Nb6 Qb8 37. Nc8+ Ka8 38. gxf4 b5 39. Qe8 Qb7 40. Nd6+ Ka7
41. Nxb7 d3 42. Qd7 Ka8 43. Qc8+ Ka7 44. Nd8 d2 45. Nxc6# 1-0

[Event "Druzynowe Mistrzostwa Polski Juniorow - II liga"]
[Site "Sypniewo k. Jastowia"]
[Date "2024-06-17"]
[Round "1.10"]
[White "Pisarski, Marek"]
[Black "Seemann, Adam"]
[Result "0-1"]
[WhiteTitle "II"]
[BlackTitle "II"]
[WhiteElo "1423"]
[BlackElo "1596"]

1. e4 c5 2. Nf3 Nc6 3. Bb5 g6 4. Bxc6 bxc6 5. e5 Bg7 6. O-O Nh6 7. Re1 O-O 8. c4
Nf5 9. Nc3 Nd4 10. Na4 d6 11. Nxd4 cxd4 12. exd6 exd6 13. d3 c5 14. Qf3 Bd7 15.
Bf4 Bxa4 16. b3 Bd7 17. Bxd6 Re8 18. Bxc5 Qc7 19. Ba3 Bc6 20. Qh3 Qa5 21. Rxe8+
Rxe8 22. Be7 Rxe7 23. Qc8+ Re8 24. Qxe8+ Bxe8 25. h3 Qc3 26. Rb1 Qxd3 0-1

[Event "Druzynowe Mistrzostwa Polski Juniorow - II liga"]
[Site "Sypniewo k. Jastowia"]
[Date "2024-06-17"]
[Round "1.11"]
[White "Seemann, Pola"]
[Black "Zylak, Emilia"]
[Result "1-0"]
[WhiteTitle "k"]
[BlackTitle "II"]
[WhiteElo "1935"]
[BlackElo "1452"]

1. e4 e5 2. Nc3 Nf6 3. Bc4 Nc6 4. d3 Na5 5. Qf3 Nxc4 6. dxc4 d6 7. Nge2 Be7 8.
O-O O-O 9. h3 Be6 10. b3 Nd7 11. Ng3 Nc5 12. Nd5 Rc8 13. Nf5 Bxf5 14. Qxf5 c6
15. Qxc8 cxd5 16. Qxd8 Rxd8 17. cxd5 Nxe4 18. c4 Rd7 19. Be3 b6 20. Rfe1 Bg5 21.
Bxg5 Nxg5 22. f4 Nxh3+ 23. gxh3 f6 24. fxe5 fxe5 25. Rf1 h6 26. Rf2 Re7 27. Raf1
a5 28. Rf8+ Kh7 29. R1f7 Rxf7 30. Rxf7 1-0

[Event "Druzynowe Mistrzostwa Polski Juniorow - II liga"]
[Site "Sypniewo k. Jastowia"]
[Date "2024-06-17"]
[Round "1.12"]
[White "Dudek, Julia"]
[Black "Pierchala, Emilia"]
[Result "0-1"]
[WhiteTitle "II"]
[BlackTitle "II"]
[WhiteElo "1408"]
[BlackElo "1406"]

1. e4 e5 2. Nf3 Nc6 3. d4 exd4 4. Nxd4 Qh4 5. Nc3 Bb4 6. Ndb5 Qxe4+ 7. Be3 Bxc3+
8. Nxc3 Qe5 9. Bc4 Nf6 10. h3 d6 11. O-O O-O 12. Re1 Qe7 13. Bxa7 Qd8 14. Be3
Be6 15. Bxe6 fxe6 16. a3 d5 17. Bd4 Re8 18. Bxf6 Qxf6 19. Qg4 Rad8 20. Re2 e5
21. Rae1 Nd4 22. Rd2 c6 23. Ne2 Nxe2+ 24. Rdxe2 Re7 25. f4 e4 26. c4 Qd4+ 27.
Kh1 Qxc4 28. Re3 Qd4 29. Qe2 Qf6 30. Rf1 Rde8 31. b4 Rf7 32. Ref3 Ree7 33. R3f2
Rf8 34. Qb2 e3 35. Qxf6 Rxf6 36. Re2 g5 37. f5 d4 38. Rd1 Rxf5 39. Rxd4 Rf2 40.
Re1 e2 41. Kg1 Ref7 42. Rd8+ Kg7 43. Rd7 Rf1+ 44. Rxf1 exf1=Q+ 45. Kh2 Rxd7 0-1

[Event "Druzynowe Mistrzostwa Polski Juniorow - II liga"]
[Site "Sypniewo k. Jastowia"]
[Date "2024-06-17"]
[Round "1.13"]
[White "Jankowski, Franciszek"]
[Black "Frac, Piotr"]
[Result "1-0"]
[WhiteTitle "I"]
[BlackTitle "I"]
[WhiteElo "1710"]
[BlackElo "1900"]

1. d4 Nf6 2. c4 g6 3. Nc3 Bg7 4. e4 d6 5. Nf3 O-O 6. Be2 e5 7. O-O exd4 8. Nxd4
Re8 9. f3 c6 10. Bf4 d5 11. cxd5 Nxd5 12. Nxd5 cxd5 13. Nb5 Be5 14. Qd2 a6 15.
Nc3 d4 16. Nd5 Nc6 17. Bg5 Qd6 18. f4 Bg7 19. Bf3 f6 20. Bxf6 Bxf6 21. e5 Bxe5
22. fxe5 Rxe5 23. Nb6 Rb8 24. Nc4 Qc5 25. Nxe5 d3+ 26. Qf2 Qxf2+ 27. Rxf2 Nxe5
28. Bd5+ Kg7 29. Re1 Ng4 30. Rf7+ Kh6 31. Rf8 Kg7 32. Rf7+ Kh6 33. Rf8 Kg7 34.
Rd8 Nf6 35. Be6 Bxe6 36. Rxb8 Bg4 37. Re7+ Kh6 38. Rd8 Be2 39. Rxb7 Ne4 40. Re7
Nc5 41. Kf2 Kg5 42. Re5+ 1-0

[Event "Druzynowe Mistrzostwa Polski Juniorow - II liga"]
[Site "Sypniewo k. Jastowia"]
[Date "2024-06-17"]
[Round "1.14"]
[White "Grech, Kacper"]
[Black "Leszczewicz, Karol"]
[Result "1/2-1/2"]
[WhiteTitle "II+"]
[BlackTitle "I+"]
[WhiteElo "1822"]
[BlackElo "1668"]

1. d4 Nf6 2. c4 c5 3. d5 b5 4. cxb5 a6 5. bxa6 g6 6. Nc3 Bg7 7. e4 O-O 8. Nf3 Qa5
9. Nd2 Bxa6 10. Be2 Bxe2 11. Qxe2 Qa6 12. Qxa6 Nxa6 13. O-O d6 14. Nc4 Ng4 15.
Bg5 Rfe8 16. Nb5 Ne5 17. Nxe5 Bxe5 18. Rab1 Reb8 19. a4 Rb7 20. f4 Bg7 21. Rfe1
h6 22. Bh4 Nc7 23. Nc3 Rab8 24. e5 g5 25. Bg3 Rxb2 26. Rxb2 Rxb2 27. fxg5 hxg5
28. exd6 exd6 29. Nb5 Nxb5 30. axb5 Rxb5 31. Bxd6 c4 32. Rd1 c3 33. Ba3 c2 34.
Rc1 Rxd5 1/2-1/2

[Event "Druzynowe Mistrzostwa Polski Juniorow - II liga"]
[Site "Sypniewo k. Jastowia"]
[Date "2024-06-17"]
[Round "1.15"]
[White "Krogulski, Maksymilian"]
[Black "Dobrowolski, Kamil"]
[Result "0-1"]
[WhiteTitle "I"]
[BlackTitle "II+"]
[WhiteElo "1691"]
[BlackElo "1801"]

1. e4 c5 2. Nf3 Nc6 3. c3 d5 4. exd5 Qxd5 5. Na3 Bg4 6. Bc4 Qe4+ 7. Qe2 Bxf3 8.
gxf3 Qxe2+ 9. Kxe2 e6 10. d3 a6 11. Bf4 O-O-O 12. Rhd1 Bd6 13. Bg3 Nge7 14. Nc2
b5 15. Bb3 h5 16. a4 Kb7 17. axb5 axb5 18. d4 c4 19. Ba2 Nd5 20. Ne3 h4 21. Bxd6
Rxd6 22. Nxd5 exd5 23. f4 Ra8 24. b4 Ra3 25. Rdc1 Rf6 26. Rc2 Rxf4 27. Rg1 g6
28. Rg5 Rxd4 29. Bb1 Re4+ 30. Kd2 Ne5 31. Kc1 Re1+ 32. Kb2 Rb3+ 33. Ka2 f6 34.
Rg2 Rbxb1 35. f4 Ra1+ 36. Kb2 Reb1# 0-1

[Event "Druzynowe Mistrzostwa Polski Juniorow - II liga"]
[Site "Sypniewo k. Jastowia"]
[Date "2024-06-17"]
[Round "1.16"]
[White "Sakharchuk, Aliaksandr"]
[Black "Kucewicz, Piotr"]
[Result "0-1"]
[WhiteTitle "I"]
[BlackTitle "II"]
[WhiteElo "1711"]
[BlackElo "1603"]

1. e4 c6 2. c4 d5 3. cxd5 cxd5 4. exd5 Qxd5 5. Nc3 Qd8 6. Bc4 Nf6 7. Nf3 Nc6 8.
d4 e6 9. O-O Be7 10. Re1 O-O 11. Bg5 h6 12. Bh4 b6 13. Rc1 Bb7 14. a3 Rc8 15.
Ba2 Re8 16. Bg3 Nd5 17. Nxd5 exd5 18. b4 Qd7 19. Qb3 Rcd8 20. Qd3 Bf6 21. h3 Re4
22. Ne5 Qf5 23. Rxe4 dxe4 24. Qc4 Bxe5 25. dxe5 Rd4 26. Qb3 Rd3 27. Qb2 Qg5 28.
b5 Nd8 29. e6 fxe6 30. Rc7 e3 31. Bxe6+ Nxe6 32. Rxb7 exf2+ 33. Bxf2 Nf4 34. Be1
Nxh3+ 35. Kh2 Nf4 36. Qa2+ Kh7 37. Qc2 Qh5+ 38. Kg1 Ne2+ 39. Kf1 Qf5+ 40. Bf2
Nd4 41. Qb1 Qe4 42. Re7 Qf5 43. Re5 Qg6 44. Bxd4 Rf3+ 45. Ke2 Qxb1 46. gxf3 Qc2+
47. Ke3 Qb3+ 48. Ke4 Qxa3 49. f4 Qa2 50. f5 Qg2+ 51. Ke3 h5 52. Kf4 Qg4+ 53. Ke3
h4 54. f6 gxf6 55. Re7+ Kg6 56. Rxa7 h3 57. Ra2 Qg3+ 58. Ke4 f5+ 59. Kd5 Qb3+
0-1

[Event "Druzynowe Mistrzostwa Polski Juniorow - II liga"]
[Site "Sypniewo k. Jastowia"]
[Date "2024-06-17"]
[Round "1.17"]
[White "Pastuszko, Katarzyna"]
[Black "Popczynska, Maja"]
[Result "0-1"]
[WhiteTitle "I++"]
[BlackTitle "I+"]
[WhiteElo "1586"]
[BlackElo "1812"]

1. e4 c5 2. Nf3 d6 3. d4 cxd4 4. Nxd4 Nf6 5. Nc3 Nc6 6. Nb3 e5 7. Be2 Be7 8. O-O
O-O 9. f4 a5 10. f5 a4 11. Nd2 d5 12. exd5 Nxd5 13. Nxd5 Qxd5 14. Bd3 Rd8 15.
Qh5 Qd4+ 16. Kh1 Qh4 17. Qxh4 Bxh4 18. Ne4 Nb4 19. Rf3 b6 20. Bd2 Nxd3 21. cxd3
Ba6 22. Bg5 Bxg5 23. Nxg5 Rxd3 24. Rc1 Rad8 25. Rxd3 Rxd3 26. h3 h6 27. Nf3 e4
28. Ne5 Rd2 29. Rc7 e3 30. Nf3 e2 31. Re7 Rxb2 0-1

[Event "Druzynowe Mistrzostwa Polski Juniorow - II liga"]
[Site "Sypniewo k. Jastowia"]
[Date "2024-06-17"]
[Round "1.18"]
[White "Popczynska, Michalina"]
[Black "Ksionek, Joanna"]
[Result "1-0"]
[WhiteTitle "I"]
[BlackTitle "II"]
[WhiteElo "1857"]
[BlackElo "1456"]

1. e4 e5 2. Nf3 Nc6 3. Bc4 Bc5 4. c3 a6 5. d3 Nf6 6. h3 d6 7. Bb3 Ba7 8. Nbd2 O-O
9. O-O h6 10. Re1 Be6 11. Nf1 Ne7 12. Ng3 Ng6 13. d4 c6 14. Be3 Qa5 15. Bxe6 fxe6
16. dxe5 dxe5 17. Qb3 Rfe8 18. Bxa7 Rxa7 19. Rad1 Qc7 20. Rd2 Nd7 21. Red1 Nc5
22. Qc4 Qe7 23. Nf5 Qf8 24. Nd6 Rd8 25. Qxc5 Raa8 26. Nxb7 Rxd2 27. Qxf8+ Kxf8
28. Rxd2 Ke7 29. Nc5 Ra7 30. g3 a5 31. b3 Nf8 32. Nxe5 Rc7 33. b4 axb4 34. cxb4
h5 35. h4 Kf6 36. Ned7+ Nxd7 37. Rxd7 Rc8 38. a4 Rb8 39. Nd3 Ra8 40. a5 g6 41.
e5+ Kf5 42. Rf7+ Ke4 43. Rd7 Kf3 44. Nc5 Ke2 45. a6 Rf8 46. f4 Rb8 47. a7 Rxb4
48. a8=Q Rb1+ 49. Kg2 Rb2 50. Qa3 Rd2 51. Rxd2+ Kxd2 52. Qd3+ 1-0

[Event "Druzynowe Mistrzostwa Polski Juniorow - II liga"]
[Site "Sypniewo k. Jastowia"]
[Date "2024-06-17"]
[Round "1.19"]
[White "Klisowski, Bartosz"]
[Black "Semenowicz, Julian"]
[Result "1-0"]
[WhiteTitle "I+"]
[BlackTitle "II"]
[WhiteElo "1864"]
[BlackElo "1632"]

1. Nf3 Nf6 2. g3 d5 3. Bg2 c5 4. O-O g6 5. c4 Bg7 6. d4 O-O 7. cxd5 cxd4 8. Nxd4
Nxd5 9. e4 Nf4 10. Bxf4 Qxd4 11. Nc3 Qxd1 12. Rfxd1 e5 13. Be3 Nc6 14. Nb5 Bg4
15. f3 Be6 16. Nc7 Rad8 17. Bc5 Rxd1+ 18. Rxd1 Rc8 19. Nxe6 fxe6 20. Bh3 Re8 21.
Rd7 b6 22. Ba3 a5 23. Kf2 Nd4 24. Rb7 Rc8 25. Rxb6 Rc2+ 26. Ke3 Bh6+ 27. f4 Rxh2
28. Bxe6+ Nxe6 29. Rxe6 exf4+ 30. gxf4 Rh3+ 31. Kd4 Bxf4 32. Re8+ Kg7 33. e5 Bd2
34. Bd6 h5 35. e6 Bb4 36. Be5+ Kh6 37. a3 Be1 38. Rh8+ Kg5 39. e7 Bf2+ 40. Kc4
Rh4+ 41. Kd5 1-0

[Event "Druzynowe Mistrzostwa Polski Juniorow - II liga"]
[Site "Sypniewo k. Jastowia"]
[Date "2024-06-17"]
[Round "1.20"]
[White "Rygiel, Kacper"]
[Black "Klisowski, Szymon"]
[Result "0-1"]
[WhiteTitle "II"]
[BlackTitle "II"]
[WhiteElo "1563"]
[BlackElo "1536"]

1. c4 Nf6 2. Nc3 c6 3. g3 g6 4. Bg2 Bg7 5. d4 d5 6. cxd5 cxd5 7. e3 Nc6 8. Nge2
Bf5 9. O-O O-O 10. Nf4 e6 11. h3 h5 12. Re1 Nb4 13. Re2 g5 14. Nxh5 Nxh5 15. g4
Bd3 16. gxh5 Bxe2 17. Qxe2 f5 18. Bd2 Nc6 19. Rf1 Qd6 20. f4 gxf4 21. Rxf4 Bh6
22. Rf3 Rf7 23. Be1 Rg7 24. Bh4 Rf8 25. Qf2 f4 26. e4 dxe4 27. Nxe4 Qxd4 28. Nf6+
Rxf6 29. Qxd4 Nxd4 30. Bxf6 Nxf3+ 31. Kf2 Rf7 32. Bc3 Ng5 33. h4 Nh7 34. Bh3 Nf8
0-1

[Event "Druzynowe Mistrzostwa Polski Juniorow - II liga"]
[Site "Sypniewo k. Jastowia"]
[Date "2024-06-17"]
[Round "1.21"]
[White "Kiszkiel, Oskar"]
[Black "Owczarek, Marcin"]
[Result "1-0"]
[WhiteTitle "I"]
[BlackTitle "II"]
[WhiteElo "1741"]
[BlackElo "1690"]

1. e4 c6 2. d4 d5 3. exd5 cxd5 4. Bd3 Nf6 5. Bf4 Nc6 6. c3 Qb6 7. Qb3 Qxb3 8. axb3
Bg4 9. b4 Nd7 10. h3 Bh5 11. Nd2 e5 12. dxe5 Ncxe5 13. Bxe5 Nxe5 14. Bb5+ Nc6
15. Ngf3 Bd6 16. Nd4 Kd7 17. O-O Be5 18. N2b3 Bxd4 19. Nxd4 Rhc8 20. Ra5 Rc7 21.
Rfa1 Kd6 22. Bxc6 bxc6 23. Ra6 Kd7 24. R1a5 Bg6 25. Rc5 Rac8 26. b5 Kd6 27. Rcxc6+
Rxc6 28. bxc6 Rb8 29. Rxa7 Rxb2 30. Rd7+ Ke5 31. c7 1-0

[Event "Druzynowe Mistrzostwa Polski Juniorow - II liga"]
[Site "Sypniewo k. Jastowia"]
[Date "2024-06-17"]
[Round "1.22"]
[White "Slys, Jan"]
[Black "Janeczek, Maksymilian"]
[Result "1-0"]
[WhiteTitle "II"]
[BlackTitle "II"]
[WhiteElo "1625"]
[BlackElo "1570"]

1. e4 c5 2. Nf3 Nc6 3. d4 cxd4 4. Nxd4 Qb6 5. Nb3 Nf6 6. Nc3 e6 7. Be3 Qc7 8. a3
a6 9. Be2 d6 10. Qd2 b5 11. f4 Be7 12. O-O O-O 13. Bf3 Bb7 14. Rad1 Rfd8 15. Qf2
Rd7 16. h3 Rc8 17. g4 Qb8 18. Kh1 b4 19. Na4 Rdd8 20. Nb6 Rc7 21. g5 Nd7 22. Rg1
bxa3 23. bxa3 Rf8 24. h4 Nxb6 25. Bxb6 Rcc8 26. h5 f5 27. Qe3 Nd8 28. Bxd8 Rcxd8
29. Nd4 fxe4 30. Bxe4 d5 31. Bf3 Qxf4 32. Qxe6+ Rf7 33. Rg4 Qc7 34. g6 hxg6 35.
hxg6 Bc8 36. Qxf7+ Kh8 37. Kg2 Qh2+ 1-0

[Event "Druzynowe Mistrzostwa Polski Juniorow - II liga"]
[Site "Sypniewo k. Jastowia"]
[Date "2024-06-17"]
[Round "1.23"]
[White "Gajec, Roza"]
[Black "Kucia, Kinga"]
[Result "1/2-1/2"]
[WhiteTitle "I"]
[BlackTitle "I"]
[WhiteElo "1771"]
[BlackElo "1550"]

1. e4 c5 2. Nf3 e6 3. d4 cxd4 4. Nxd4 Nc6 5. Nxc6 bxc6 6. c4 Qc7 7. Nc3 Nf6 8.
a3 a5 9. Be2 Be7 10. O-O O-O 11. Be3 Bb7 12. Qd2 d5 13. exd5 cxd5 14. Nb5 Qc6
15. Nd4 Qd7 16. Rfd1 Ne4 17. Qe1 Rfc8 18. Rac1 Qe8 19. cxd5 Bxd5 20. Bb5 Qf8 21.
Nc6 Nd6 22. Nxe7+ Qxe7 23. Bc5 Qb7 24. Bxd6 Qxb5 25. b4 axb4 26. axb4 Rc4 27.
Rxc4 Bxc4 28. Bc5 Bd5 29. f3 h6 30. Ra1 Rxa1 31. Qxa1 Qd3 32. Qf1 Qg6 33. b5 Qc2
34. Be3 Bc4 35. Qc1 Qxc1+ 36. Bxc1 Bxb5 37. Kf2 Kh7 38. Ke3 Bc6 39. g3 Kg6 40.
Bb2 f6 41. h3 Bd7 42. f4 Bb5 43. g4 Kf7 44. h4 g5 45. hxg5 fxg5 46. fxg5 hxg5
47. Kf3 Ba4 48. Be5 1/2-1/2

[Event "Druzynowe Mistrzostwa Polski Juniorow - II liga"]
[Site "Sypniewo k. Jastowia"]
[Date "2024-06-17"]
[Round "1.24"]
[White "Uliasz, Lena"]
[Black "Gruszecka, Alicja"]
[Result "0-1"]
[WhiteTitle "II+"]
[BlackTitle "I"]
[WhiteElo "1599"]
[BlackElo "1719"]

1. e4 e5 2. Nf3 Nc6 3. Bc4 Nf6 4. d3 Bc5 5. O-O d6 6. h3 Na5 7. Bb3 Nxb3 8. axb3
h6 9. Nc3 c6 10. d4 exd4 11. Nxd4 O-O 12. Bf4 Re8 13. Re1 Bb6 14. Qd2 Bc7 15.
Rad1 d5 16. e5 Nh7 17. Re2 Nf8 18. Rde1 Ne6 19. Bh2 a6 20. f4 Bb6 21. Ncb5 axb5
22. c3 Qe7 23. Kh1 Nxd4 24. cxd4 Ba5 25. Qd3 Bxe1 26. Rxe1 f5 27. Re3 Ra1+ 28.
Bg1 Be6 29. Rg3 Rea8 30. Qe2 Rb1 31. Rg6 Bf7 32. Rd6 Raa1 33. e6 Rxg1+ 34. Kh2
Qxd6 35. exf7+ Kxf7 36. Qh5+ Qg6 37. Qxg6+ Kxg6 38. Kg3 Rgb1 39. Kh4 Rxb2 40.
g4 fxg4 41. f5+ Kxf5 42. hxg4+ Kf6 43. g5+ hxg5+ 44. Kg4 Rxb3 45. Kh5 g6+ 46.
Kg4 Rg1# 0-1

[Event "Druzynowe Mistrzostwa Polski Juniorow - II liga"]
[Site "Sypniewo k. Jastowia"]
[Date "2024-06-17"]
[Round "1.25"]
[White "Sowa, Roch"]
[Black "Rekuc, Patryk"]
[Result "1/2-1/2"]
[WhiteTitle "I"]
[BlackTitle "I+"]
[WhiteElo "1707"]
[BlackElo "2076"]

1. e4 c5 2. Nf3 Nc6 3. d4 cxd4 4. Nxd4 e5 5. Nb5 d6 6. N1c3 a6 7. Na3 Be6 8. Nc4
Rb8 9. Be2 b5 10. Ne3 Be7 11. a4 Nd4 12. axb5 axb5 13. Ncd5 Nxe2 14. Qxe2 Nf6
15. Nxf6+ Bxf6 16. O-O O-O 17. Rd1 Be7 18. Nd5 Qd7 19. Be3 Bd8 20. Ra6 Kh8 21.
Nb4 Qb7 22. f3 Bc7 23. Ra7 Qc8 24. Rda1 Bb6 25. R7a6 Qc4 26. Nd3 Bxe3+ 27. Qxe3
Rfd8 28. c3 h6 29. h3 Rbc8 30. Kh2 f5 31. exf5 Bxf5 32. Nb4 e4 33. fxe4 Qxe4 34.
Qxe4 Bxe4 35. Rd1 d5 36. Rb6 d4 37. cxd4 Rc4 38. Rxb5 Rdxd4 39. Rxd4 Rxd4 40.
g4 Rd2+ 41. Kg3 Rxb2 42. Rb8+ Kh7 43. Na6 Rc2 44. Kf4 Bg2 45. Rb3 g5+ 46. Ke5
Re2+ 47. Kf6 Rf2+ 48. Ke5 Rf3 49. Rxf3 Bxf3 50. Kf5 Bd5 1/2-1/2

[Event "Druzynowe Mistrzostwa Polski Juniorow - II liga"]
[Site "Sypniewo k. Jastowia"]
[Date "2024-06-17"]
[Round "1.26"]
[White "Krol, Jan"]
[Black "Wolak, Maciej"]
[Result "1-0"]
[WhiteTitle "I+"]
[BlackTitle "II"]
[WhiteElo "2002"]
[BlackElo "1806"]

1. e4 c5 2. Nf3 d6 3. d4 cxd4 4. Nxd4 Nf6 5. Nc3 g6 6. Be3 Bg7 7. f3 O-O 8. Qd2
Nc6 9. O-O-O d5 10. Qe1 e5 11. Nxc6 bxc6 12. exd5 Nxd5 13. Bc4 Be6 14. Ne4 Qc7
15. Bc5 Rfd8 16. h4 Nf4 17. Bxe6 Nxe6 18. Bd6 Qb6 19. h5 Nd4 20. hxg6 fxg6 21.
Bc5 Qa6 22. Qh4 h6 23. Kb1 Qb5 24. Qg4 Rab8 25. b3 g5 26. Rxd4 exd4 27. Qe6+ Kh8
28. Be7 d3 29. Rxh6+ Bxh6 30. Qxh6+ 1-0